000 00577nam a22002417a 4500
003 UA-OsUOA
001 28600
007 ta
008 20050412b un ||||| |||| 00| 0 ukr d
100 _aКонев И. С.
090 _a94(47+57)
_bК64
942 _cBK
040 _aUA-OsUOA
_brus
_cUA-OsUOA
_dUA-OsUOA
245 _aЗаписки командующего фронтом 1943-1945
300 _a559 с.
955 _a0
041 _arus
080 _a94(47+57)
260 _aМ.
_bВоениздат
_c1982
044 _aRU
650 7 _2UDC
999 _c314969
_d314969